000 00622nam a2200145 a 4500
008 091013s1997 ||||||||||||||||| || u
050 _aUNO(01)
110 _aUnited Nations Economic and Social Affairs (UNESA)
245 1 0 _aUnited Nations : peace-keeping at a glance
_cby United Nations
260 _aNew York:
_bUnited Nations department of Public information
_c1997
350 _a0.00
650 0 _aPEACE
650 _aUNITED NATIONS--PEACEKEEPING FORCES
995 _D0.00
_FCBU-MAIN LIBRARY (Kitwe)
_H1
_I0.00
_M1
_UAVAILABLE
_WOct 13, 2009
_ZInternational Publications
999 _c60847
_d60847